Statistiques concernant Mots les plus courants dans les noms de communes françaises

Cliquez ici pour prendre le quiz!

Statistiques générales

  • Ce quiz a été pris 11 188 fois
  • Le résultat moyen est 12 sur 27

Statistiques - réponses

#Mot% Correct
354{L'}
93%
1741{Le}
89%
534{D'}
88%
1925{La}
87%
1288{De}
82%
4465{Saint}
81%
2169{Sur}
79%
1450{Les}
73%
1073{En}
62%
263{Des}
59%
388{Du}
57%
286{Sous}
53%
118{Mer}
39%
376{Et}
36%
108{Mont}
36%
100{Ville}
34%
400{Sainte}
30%
190{Jean}
29%
193{Pierre}
25%
135{Aux}
21%
244{Bois}
16%
278{Martin}
14%
105{Château}
12%
129{Val}
12%
225{Chapelle}
6%
135{Germain}
5%
113{Villers}
2%

Distribution des résultats

Percentile par nombre de réponses

% des personnes avec chaque résultat

Votre développement - résultats

Vous n’avez pas pris ce quiz